000 00434cam a22001337a 4500
008 180718b1976 xxu||||| |||| 00| 0 eng d
082 _aA81x54 In2/71/3/PT2C/1
100 _aCensus of India 1971
245 _aAssam: social and cultural tables
260 _aDelhi
_bThe Controller of Publications
_c1976
300 _a20p.
440 _aCensus of India 1971. Series-3, Assam. Part-IIC (i)
500 _aContents: Tables C-VII and C-VIII
999 _c484892
_d484892